Miasta z członem Nowy,Nowa,Nowe - Statystyki

Ogólne statystyki
  • Ten quiz został rozwiązany 52 razy
  • Średni wynik to 10 z 21
Statystyki odpowiedzi
Miasto % Poprawnych
Nowy Sącz
91%
Nowe
87%
Nowe Miasto
85%
Nowy Targ
83%
Nowa Sól
72%
Nowy Dwór Mazowiecki
70%
Nowe Miasto Lubawskie
65%
Nowy Tomyśl
59%
Nowy Dwór Gdański
52%
Nowa Ruda
41%
Nowa Sarzyna
39%
Nowe Miasto nad Pilicą
35%
Nowy Wiśnicz
35%
Nowa Dęba
33%
Nowa Słupia
26%
Nowe Miasteczko
26%
Nowe Skalmierzyce
24%
Nowy Korczyn
24%
Nowy Staw
22%
Nowe Warpno
20%
Nowe Brzesko
17%
Nie znaleziono quizów pasujących do podanych kryteriów
Rozkład punktacji
Procent ludzi z każdym wynikiem
Percentyl według liczby udzielonych odpowiedzi
Twoja historia wyników
Nie rozwiązałeś tego quizu